|
|
|
|
| LEADER |
00000cam a2200000 a 4500 |
| 001 |
1166c |
| 005 |
20230308183459.0 |
| 008 |
993060|1985 ||||||||r|||||||||||spa|| |
| 040 |
|
|
|b spa
|
| 041 |
1 |
|
|a spa
|
| 082 |
0 |
|
|a 576c
|
| 100 |
1 |
|
|a Hiorth, Gunnar Eilert
|9 73421
|
| 245 |
1 |
1 |
|a Genetica Cuantitativa II:Selección
|c Gunnar Eilert Hiorth
|h imp
|
| 264 |
|
|
|a Córdova
|b Universidad Nacional de Córdova
|c 1985
|
| 300 |
|
|
|a 249páginas:
|
| 650 |
1 |
0 |
|a Estadística
|9 7865
|
| 650 |
1 |
|
|a Genetica biometrica
|9 73431
|
| 650 |
1 |
|
|a Seleccion plantas autógamas
|9 105511
|
| 650 |
1 |
|
|a Plantas alogamas
|9 105512
|
| 650 |
1 |
|
|a Seleccion
|9 55121
|
| 852 |
|
|
|a UC-YANUNCAY
|c SALA 1 AGROPECUARIAS
|f Compra
|k Eduran
|l 1
|m General
|p 19930601
|q 5,00
|t 1166c
|b 0
|d CDRY
|e CDRY
|g 576c SALA 1 AGROPECUARIAS
|z 1993-30-60
|
| 942 |
|
|
|c BK
|
| 999 |
|
|
|c 63155
|d 63155
|